Personality development : (Record no. 88827)

MARC details
000 -LEADER
fixed length control field 00678nam a22002057a 4500
005 - DATE AND TIME OF LATEST TRANSACTION
control field 20221222112554.0
010 ## - LCCN (DPL NO)
LC control number ENG-110911 ENG-135923
020 ## - INTERNATIONAL STANDARD BOOK NUMBER
International Standard Book Number 9788192958231
Terms of availability 620.00
035 ## - SYSTEM CONTROL NUMBER
System control number EN-94443
035 ## - SYSTEM CONTROL NUMBER
System control number EN-119455
037 ## - SOURCE OF ACQUISITION
Source of stock number/acquisition DBAD/PUB
082 ## - DEWEY DECIMAL CLASSIFICATION NUMBER
Classification number 155.25
100 ## - MAIN ENTRY--PERSONAL NAME
Personal name Shukla, Usha
245 ## - TITLE STATEMENT
Title Personality development :
Remainder of title modern methods and techniques /
Statement of responsibility, etc by Usha Shukla
260 ## - PUBLICATION, DISTRIBUTION, ETC. (IMPRINT)
Place of publication, distribution, etc New Delhi
Name of publisher, distributor, etc Gyan Geeta Prakashan
Date of publication, distribution, etc 2014
270 ## - ADDRESS
Address F-7, Gali no. 1, Panchsheel Garden Ext. Naveen Shahdara
City New Delhi
Postal code 110032
300 ## - PHYSICAL DESCRIPTION
Extent 312p.
Dimensions 23cm(Hb)
500 ## - GENERAL NOTE
General note Includes bibliographical references and index
942 ## - ADDED ENTRY ELEMENTS (KOHA)
Source of classification or shelving scheme Dewey Decimal Classification
Item type English Books
Call number suffix SHU
Classification part 155.25
Holdings
Withdrawn status Lost status Not for loan Collection code Home library Current library Date acquired Source of acquisition Cost, normal purchase price Full call number Barcode Copy number Cost, replacement price Koha item type
      Non-fiction Bawana Bawana 22/12/2022 DBAD/PUB 1100.00 155.25 SHU EN-119455 1 1100.00 English Books
    Not For Loan Non-fiction D.B.Act.Division D.B.Act.Division 19/09/2014 DBAD/PUB 620.00 155.25 SHU EN-94443 1 620.00 English Books

© Delhi Public Library
Hit Counter
free hit counter